000 00660nam a22002177a 4500
003 DO-SdBNP
005 20250909135813.0
007 ta
008 211203b2015 |||j |||| 00| 0 spa d
040 _aDO-SdBNP
_bspa
_cBNPHU
082 4 _222
_a923.2
_bC117d
100 1 0 _aCabral, Euri
_91097
245 1 0 _aDuarte y las enseñanzas de Jesús :
_bun ejemplo para este tiempo /
_cEuri Cabral
250 _bCuidado de Rafael Bello Peguero
260 _aSanto Domingo :
_bAmigo del Hogar,
_c2015.
300 _a15 p. :
_c20 cm
590 _aInventariado, 2021 / SA
600 1 0 _aDuarte, Juan Pablo,
_d1813-1876
_91494
910 _aSaquino
942 _2ddc
_cLF2
999 _c51099
_d51099